LEADER 03265nam 22006255 450 001 9910437612803321 005 20250603151236.0 010 $a3-642-28720-4 024 7 $a10.1007/978-3-642-28720-6 035 $a(CKB)2560000000090928 035 $a(EBL)1082443 035 $a(OCoLC)805397227 035 $a(SSID)ssj0000745844 035 $a(PQKBManifestationID)11411475 035 $a(PQKBTitleCode)TC0000745844 035 $a(PQKBWorkID)10860172 035 $a(PQKB)10042069 035 $a(DE-He213)978-3-642-28720-6 035 $a(MiAaPQ)EBC1082443 035 $a(PPN)168312654 035 $a(EXLCZ)992560000000090928 100 $a20140214d2013 u| 0 101 0 $aeng 135 $aur|n|---||||| 181 $ctxt 182 $cc 183 $acr 200 10$aBehavioral Neurobiology of Alcohol Addiction /$fedited by Wolfgang Sommer, Rainer Spanagel 205 $a1st ed. 2013. 210 1$aBerlin, Heidelberg :$cSpringer Berlin Heidelberg :$cImprint: Springer,$d2013. 215 $a1 online resource (721 p.) 225 1 $aCurrent Topics in Behavioral Neurosciences,$x1866-3389 ;$v13 300 $aDescription based upon print version of record. 311 08$a3-642-28719-0 327 $aFrom the contents -- Preface -- Part 1: Mechanistic aspects underlying alcoholism -- Part 2: Genetics -- Part 3: Clinical phenotypes and preclinical models thereof -- Part 4: Novel insights from brain imaging -- Part 5: Translational aspects and medication development. 330 $aThe question of how alcohol alters mood states and why this may end up becoming an addiction has puzzled alcohol researchers for decades. In this volume, a group of highly distinguished experts and leaders in alcohol addiction research presents our current state of knowledge and remaining research challenges, as well as interesting viewpoints on future research directions aimed to stimulate communication and convergence between clinical and preclinical researchers, and to renew interest in the vibrant field of alcohol addiction research among a broad scientifically minded audience. Five Current Topics are discussed in this volume: Neurobiological mechanisms of alcoholism, Genetics, Clinical phenotypes and their preclinical models, Brain imaging, and Translational approaches for treatment development, both pharmacological and non-pharmacological. These areas have in our opinion substantially brought alcohol research forward and influenced our thinking about how to reach our common paramount goal, namely to offer effective treatment solutions for an extensive group of patients with largely unmet medical needs. 410 0$aCurrent Topics in Behavioral Neurosciences,$x1866-3389 ;$v13 606 $aNeurosciences 606 $aPsychiatry 606 $aNeuroscience 606 $aPsychiatry 615 0$aNeurosciences. 615 0$aPsychiatry. 615 14$aNeuroscience. 615 24$aPsychiatry. 676 $a616.861 701 $aSommer$b Wolfgang H$01758878 701 $aSpanagel$b Rainer$01758879 801 0$bMiAaPQ 801 1$bMiAaPQ 801 2$bMiAaPQ 906 $aBOOK 912 $a9910437612803321 996 $aBehavioral neurobiology of alcohol addiction$94197171 997 $aUNINA LEADER 02083nam 2200433z- 450 001 9910557218303321 005 20211118 035 $a(CKB)5400000000041762 035 $a(oapen)https://directory.doabooks.org/handle/20.500.12854/73927 035 $a(oapen)doab73927 035 $a(EXLCZ)995400000000041762 100 $a20202111d2020 |y 0 101 0 $aeng 135 $aurmn|---annan 181 $ctxt$2rdacontent 182 $cc$2rdamedia 183 $acr$2rdacarrier 200 00$aCellular and Molecular Mechanisms of Neurotrophin Function in the Nervous System 210 $cFrontiers Media SA$d2020 215 $a1 online resource (104 p.) 311 08$a2-88963-787-5 330 $aThis eBook is a collection of articles from a Frontiers Research Topic. Frontiers Research Topics are very popular trademarks of the Frontiers Journals Series: they are collections of at least ten articles, all centered on a particular subject. With their unique mix of varied contributions from Original Research to Review Articles, Frontiers Research Topics unify the most influential researchers, the latest key findings and historical advances in a hot research area! Find out more on how to host your own Frontiers Research Topic or contribute to one as an author by contacting the Frontiers Editorial Office: frontiersin.org/about/contact 606 $aNeurosciences$2bicssc 606 $aScience: general issues$2bicssc 610 $aBDNF (brain-derived neurotrophic factor) 610 $aCNS-central nervous system 610 $aneuronal plasticity 610 $aneurotrophic factors 610 $aNGF (nerve growth factor) 615 7$aNeurosciences 615 7$aScience: general issues 700 $aBekinschtein$b Pedro$4edt$01317937 702 $avon Bohlen und Halbach$b Oliver$4edt 702 $aBekinschtein$b Pedro$4oth 702 $avon Bohlen und Halbach$b Oliver$4oth 906 $aBOOK 912 $a9910557218303321 996 $aCellular and Molecular Mechanisms of Neurotrophin Function in the Nervous System$93033112 997 $aUNINA